00679cam a22002297a 4500003000500000005001700005008004100022010001000063011001000073035001000083040000900093082002000102100002200122245003400144260006700178300001800245490002400263505006100287650003500348650004200383830002400425CHAP20220329135709.0971013s1973 r 00010 d a40714 a41686 a45812 cCHAP a080bS4 v.96-9700aMorse, Richard M.14aLas ciudades latinoamericanas aMéxico, D.F. :bSecretaría de Educación Pública,c1973 a2 v.b; mapas 0aSEP-Setentas, 96-97 aContenido: v.1 Antecedentes.- v.2 Desarrollo histórico14aBrasilxDescripción y viaje.14aCiudades y pueblosxAmérica Latina.0 aSEP-Setentas, 96-97